| 000 | 00381pab a2200145 454500 | ||
|---|---|---|---|
| 008 | 180718b1989 xxu||||| |||| 00| 0 eng d | ||
| 100 | _aRao, B. Ramachandra | ||
| 245 | _aCSIR, its programme and policies a review | ||
| 260 | _c1989 | ||
| 300 | _a54-60 | ||
| 362 | _aJune | ||
| 650 | _aCouncil for Scientific and Industrial Research | ||
| 773 | _aMan & Development | ||
| 909 | _a6805 | ||
| 999 |
_c6805 _d6805 |
||